<?xml version="1.0" encoding="UTF-8"?><?xml-stylesheet type="text/xsl" href="static/style.xsl"?><OAI-PMH xmlns="http://www.openarchives.org/OAI/2.0/" xmlns:xsi="http://www.w3.org/2001/XMLSchema-instance" xsi:schemaLocation="http://www.openarchives.org/OAI/2.0/ http://www.openarchives.org/OAI/2.0/OAI-PMH.xsd"><responseDate>2026-04-14T02:28:24Z</responseDate><request verb="GetRecord" identifier="oai:www.recercat.cat:2445/157817" metadataPrefix="marc">https://recercat.cat/oai/request</request><GetRecord><record><header><identifier>oai:recercat.cat:2445/157817</identifier><datestamp>2025-12-04T20:52:56Z</datestamp><setSpec>com_2072_1057</setSpec><setSpec>col_2072_478796</setSpec><setSpec>col_2072_478917</setSpec></header><metadata><record xmlns="http://www.loc.gov/MARC21/slim" xmlns:dcterms="http://purl.org/dc/terms/" xmlns:xsi="http://www.w3.org/2001/XMLSchema-instance" xmlns:doc="http://www.lyncode.com/xoai" xsi:schemaLocation="http://www.loc.gov/MARC21/slim http://www.loc.gov/standards/marcxml/schema/MARC21slim.xsd">
   <leader>00925njm 22002777a 4500</leader>
   <datafield ind2=" " ind1=" " tag="042">
      <subfield code="a">dc</subfield>
   </datafield>
   <datafield ind2=" " ind1=" " tag="720">
      <subfield code="a">Robotti, Marco</subfield>
      <subfield code="e">author</subfield>
   </datafield>
   <datafield ind2=" " ind1=" " tag="720">
      <subfield code="a">Dosta Parras, Sergi</subfield>
      <subfield code="e">author</subfield>
   </datafield>
   <datafield ind2=" " ind1=" " tag="720">
      <subfield code="a">García Cano, Irene</subfield>
      <subfield code="e">author</subfield>
   </datafield>
   <datafield ind2=" " ind1=" " tag="720">
      <subfield code="a">Concustell i Fargas, Amadeu</subfield>
      <subfield code="e">author</subfield>
   </datafield>
   <datafield ind2=" " ind1=" " tag="720">
      <subfield code="a">Cinca i Luis, Núria</subfield>
      <subfield code="e">author</subfield>
   </datafield>
   <datafield ind2=" " ind1=" " tag="720">
      <subfield code="a">Guilemany, J. M. (José María)</subfield>
      <subfield code="e">author</subfield>
   </datafield>
   <datafield ind2=" " ind1=" " tag="260">
      <subfield code="c">2020-04-28T08:16:55Z</subfield>
   </datafield>
   <datafield ind2=" " ind1=" " tag="260">
      <subfield code="c">2020-04-28T08:16:55Z</subfield>
   </datafield>
   <datafield ind2=" " ind1=" " tag="260">
      <subfield code="c">2016-04-19</subfield>
   </datafield>
   <datafield ind2=" " ind1=" " tag="260">
      <subfield code="c">2020-04-28T08:16:56Z</subfield>
   </datafield>
   <datafield ind2=" " ind1=" " tag="520">
      <subfield code="a">Inside the wide field of thermal spray, the possibility to spray ceramic nano-particles by Low Pressure Cold Gas Spray (LP-CGS) represents an interesting and innovative trend. In this work, titanium dioxide TiO2 nanoparticles were mixed with a polymer in order to obtain a tailor-made nanocomposite powder and afterwards cold-sprayed coatings were produced, which might be attractive for their photocatalytic activity. Firstly, two different routes were used to incorporate the ceramic nanoparticles within the polymeric matrix: Attrition Milling (AM) and Cryogenic Milling (CM). Samples composition was not varied, while milling time was changed. The main objective was to investigate the mechanical physical union of TiO2 nanoparticles around polymeric microparticles. The effect of ceramic particles on the structure and morphology of the polymer, as well as the influence of the temperature of the different combining processes were studied. The fundamental properties of the nanocomposite mixture were investigated by Scanning Electron Microscopy (SEM), Laser Scattering (LS Beckman Coulter) and X-ray Diffraction (XRD). Secondly, the best mechanically combined mixture was selected in order to be sprayed by LP-CGS technology. Adequate spraying parameters were chosen in order to develop different composite coatings. Thickness, roughness and porosity of manufactured products were measured.</subfield>
   </datafield>
   <datafield tag="653" ind2=" " ind1=" ">
      <subfield code="a">Nanopartícules</subfield>
   </datafield>
   <datafield tag="653" ind2=" " ind1=" ">
      <subfield code="a">Revestiments</subfield>
   </datafield>
   <datafield tag="653" ind2=" " ind1=" ">
      <subfield code="a">Nanoparticles</subfield>
   </datafield>
   <datafield tag="653" ind2=" " ind1=" ">
      <subfield code="a">Coatings</subfield>
   </datafield>
   <datafield ind2="0" ind1="0" tag="245">
      <subfield code="a">Attrition and cryogenic milling production for low pressure cold gas spray and composite coatings characterization</subfield>
   </datafield>
</record></metadata></record></GetRecord></OAI-PMH>